| 000 | 00683nam a2200241 a 4500 | ||
|---|---|---|---|
| 001 | BRL_682 | ||
| 005 | 20190320210842.0 | ||
| 008 | 240913s1986----nyuao#####---#000-0deng-# | ||
| 020 | _a0060155132 | ||
| 041 | _aeng | ||
| 044 | _anyu | ||
| 050 | 4 |
_aTR140.B6 _b.G65 1986 |
|
| 100 | 1 |
_aGoldberg, Vicki _924642 |
|
| 245 | 1 | 0 |
_aMargaret Bourke-White _ba biography _cby Vicki Goldberg. |
| 260 |
_aNew York _bHarper & Row _c1986 |
||
| 300 |
_axi, 426 p. _bil. _c24 cm. |
||
| 500 | _aAu757 | ||
| 504 | _aBibliografĂa: p. 415-416 | ||
| 600 | 1 | 4 |
_aBourke-White, Margaret _d1904-1971 _924643 |
| 650 | 1 | 4 |
_aFotoperiodismo _vBiografĂa _zEstados Unidos _924644 |
| 902 | _aGRL | ||
| 942 |
_2lcc _cB |
||
| 999 |
_c9494 _d9494 |
||